Detectives y ladrones / (Record no. 188215)

MARC details
000 -LEADER
campo de control de longitud fija 00657nam a2200193 i 4500
001 - NÚMERO DE CONTROL
campo de control 188215
003 - IDENTIFICADOR DE NÚMERO DE CONTROL
campo de control SpMaBN
005 - FECHA Y HORA DE LA ÚLTIMA TRANSACCIÓN
campo de control 20250820152144.0
008 - DATOS DE LONGITUD FIJA--INFORMACIÓN GENERAL
campo de control de longitud fija 180622s1925 sp |||| | spa d
100 1# - ENTRADA PRINCIPAL--NOMBRE DE PERSONA
Nombre de persona Henry, O.
9 (RLIN) 62602
245 10 - MENCIÓN DEL TÍTULO
Título Detectives y ladrones /
Mención de responsabilidad, etc. O'Henry [seud.] ; versión española de J. García Mercadal.
260 ## - PUBLICACIÓN, DISTRIBUCIÓN, ETC.
Lugar de publicación, distribución, etc. Madrid :
Nombre del editor, distribuidor, etc. Calpe,
Fecha de publicación, distribución, etc. [1925]
300 ## - DESCRIPCIÓN FÍSICA
Extensión 257 p. ;
Dimensiones 19 cm.
490 1# - MENCIÓN DE SERIE
Mención de serie Colección babel
700 1# - ENTRADA AGREGADA--NOMBRE PERSONAL
Nombre de persona García Mercadal, J.,
Fechas asociadas al nombre 1883-1975
9 (RLIN) 164264
830 0# - PUNTO DE ACCESO ADICIONAL DE SERIE-TÍTULO UNIFORME
Título uniforme Colección babel
9 (RLIN) 225657
852 ## - LOCALIZACIÓN
Ubicación ES-MaACL
Número de control de estantería L-32074
Nota libre . - Donat. herederos de la bibl. de Mª del Pilar Costa Palacín
Holdings
Estatus retirado Estado de pérdida Estado de daño No para préstamo Biblioteca de origen Biblioteca actual Ubicación en estantería Fecha de adquisición Fuente de adquisición Total de préstamos Signatura topográfica completa Código de barras Visto por última vez Precio de reemplazo Tipo de ítem Koha
        Biblioteca del Ateneo de Madrid Biblioteca del Ateneo de Madrid Depósito 2 22/06/2018     L-32074 1199024 23/02/2023 23/02/2023 Libro impreso